000 00566cam a22002051 4500
001 ca 36001784
003 DLC
005 20260227111144.0
008 890509s1924 nyu 000 0 eng
010 _aca 36001784
035 _a(OCoLC)19679638
040 _aDLC
_cRPB
_dDLC
042 _apremarc
050 0 0 _aPN6120.C5
_bH35
100 1 _aHartman, Zoe.
245 1 0 _aSanta Claus b̕usy day,
_ba play in one act,
_cby Z. Hartman ...
260 _aNew York,
_bFitzgerald Publishing Corporation,
_cc1924.
300 _a17 p.
_c18 cm.
650 0 _aChristmas plays.
999 _c18368
_d18368